| 000 | 01012cam a2200217 4500 | ||
|---|---|---|---|
| 001 | WB3822-06 | ||
| 008 | 020618n2002 000 0 eng u | ||
| 035 | _a(Sirsi) u118435 | ||
| 245 | _aWise up about waste and the reap the rewards | ||
| 260 | _c2002 | ||
| 490 |
_aNational Assembly for Wales Press Release _v 18 June 2002, (1) |
||
| 520 | _aThe Welsh Assembly Government's National Waste Strategy for Wales has been launched by Sue Essex, the Welsh Minister for the Environment. It is thought that the strategy will not only improve the environment, but provide social and economic rewards for the people of Wales. For the Press Release: http://www.wales.gov.uk/servlet/PressReleaseByDateServlet?area_code=37E752F2000942E000000A2E00000000&document_code=N0000000000000000000000000000446 | ||
| 590 | _aWB | ||
| 650 | _aRECYCLED WASTE | ||
| 650 | _aRECYCLING | ||
| 650 | _aCOMPOSTING | ||
| 650 | _aWALES | ||
| 650 | _aRECYCLED MATERIALS | ||
| 690 | _aENVIRONMENTAL AND LAND CONSULTANCY | ||
| 942 | _n0 | ||
| 999 |
_c70494 _d70494 |
||